Chùa Bối Khê /

Guardado en:
Detalles Bibliográficos
Autor principal: Phạm Hoàng Điệp.
Formato: Artículo
Lenguaje:Vietnamese
Materias:
Etiquetas: Agregar Etiqueta
Sin Etiquetas, Sea el primero en etiquetar este registro!
Thư viện lưu trữ: Thư viện Trường Đại học Đà Lạt
LEADER 00726nam a2200265 4500
001 DLU090083343
005 ##20091014
040 # # |a DLU  |b vie 
041 # # |a vie 
044 # # |a vn 
100 # # |a Phạm Hoàng Điệp.  
245 # # |a Chùa Bối Khê /  |c Phạm Hoàng Điệp.  
653 # # |a Chùa 
653 # # |a Di sản văn hóa 
653 # # |a Kiến trúc tín ngưỡng 
773 # # |t Hà Nội ngàn năm  |g Số 59(172), 2008, tr.14-15 
920 # # |a Phòng Tạp chí -- Trung tâm Thông tin - Thư viện Trường Đại học Đà Lạt 
994 # # |a DLU 
900 # # |a True 
911 # # |a Nguyễn Thị Linh Chi 
925 # # |a G 
926 # # |a A 
927 # # |a BB 
980 # # |a Thư viện Trường Đại học Đà Lạt